000 00603nam a2200217 i 4500
001 10240
003 ES-MaACL
005 20230906145839.0
007 t|
008 950324s1993 sp ||||1| spa d
020 _a84-85741-83-8
080 _a92:791.44.071.2(038)
080 _a791.44.071.2(038):92(100)
100 1 _aLópez, José Luis.
_973341
245 1 0 _aDiccionario de actores /
_cJosé Luis López.
250 _a[1ª ed.].
260 _aMadrid :
_bJC,
_c1993.
300 _a446 p. :
_bil. ;
_c22 cm.
650 1 4 _aActores-
_xBiografías.
_99593
852 _aES-MaACL
_jL-17646
_bR.123251
999 _c10240
_d10240